000 00321pab a2200145 454500
008 180718b1991 xxu||||| |||| 00| 0 eng d
100 _aSinha, B.M.
245 _aReviewing press freedom
260 _c1991
300 _a15-18
362 _a15 Jun.
650 _aPress - India
773 _aMainstream
909 _a16045
999 _c16045
_d16045